000 01338nam a22002897a 4500
999 _c112974
_d112974
003 dpl
005 20190302160825.0
008 190302b ||||| |||| 00| 0 eng d
010 _aA-925124
020 _c125.00
035 _aA-925124, A-925128
037 _bCen Lib/Ret
040 _aDPL
_bHN
_c0
082 _a821.08
_bनिराला
245 _aनिराला चिन्तन /
_cसम्पादक अर्जुन शतपथी [एवं] मधुसूदन साहा
246 _aNirala chintan /
_bedited by Arjun Shatpathi [and] Madhusudan Saha
260 _aदिल्ली
_bअभिरुचि प्रकाशन
_c1998
270 _bदिल्ली
_a3/114, कर्ण गली, विश्वासनगर, शाहदरा
_e110032
300 _axvii,132पृ.
_c20सेमी (सजिल्द)
650 _aहिन्दी -- साहित्य
_951503
650 _aहिन्दी -- निराला -- साहित्य साधना
_950030
650 _aHindi -- literature
_951504
650 _aHindi - Nirala -- literature silence
_950032
700 _aसाहा, मधुसूदन
_951505
700 _aअर्जुन शतपथी
_951506
942 _2ddc
_cHN
_h821.08
_mनिराला